00287pam a2200121 a 4500020000500000041000800005082001800013100002900031245004600060250001000106260003600116300001300152 c aeng a330.0954bDES aDesai SSM,eBhalerao N. aBhartiya Arhtavevstha hTextual Documents a1992. aPune:bNirali Prakashan,c1992. a684 pg .